02826cam a22003255a 45000010009000000050017000090080041000260200029000670400028000960820023001241000028001472450151001752600063003263000033003895000024004225040041004465201488004876500057019756500032020326500063020646500057021276510010021846530033021947000034022277000032022617000030022939420023023239990017023469520137023631794069920150929111138.0131113t2014 flua frb 001 0 eng d a9781466508415 (hardback) aDLCbengcDLCdEG-ScBUE04a621.38224bPAN2221 aPanic, Stefan R.93834010aFading and interference mitigation in wireless communications /cStefan R. Panic ; [editors] Mihajlo Stefanovic, Jelena Anastasov, Petar Spalevic. aBoca Raton :bCRC Press / Taylor & Francis Group,cc.2014. axv, 246 p. :bill. ;c24 cm. aIndex : p. 239-246. aIncludes bibliographical references. a"Preface Professional bodies of note for electrical engineers, such as IET and IEEE, have over 500,000 members worldwide and hold over 3,000 conferences annually. Many of the members of these bodies are interested in advanced digital telecommunications and signal processing. According to latest statistical figures, the United States produces 50,000 electrical engineers in a year as against 70,000 by India and 100,000 by China. Digital telecommunications and signal processing are mandatory subjects at most of the faculties and colleges in these countries. Considering these facts, this book could present itself as a useful literature for introducing some basic principles of digital communications and its mathematical formalization and also for staying updated with the recent developments in the performance analysis of space diversity reception over fading channels in the presence of CCI. Researchers have been studying problems associated with these domains for more than 40 years, and system engineers have used the theoretical and numerical results reported in the literature to guide the design of their systems. In recent years, applications have become increasingly sophisticated, thereby requiring more complex models and improved diversity techniques along with the need to provide performance analyses of the scenarios studied. The primary goal of this book is to present a unified method to provide a set of tools that will allow the system designer to compute"-- 0aRadioxTransmitters and transmissionxFading.2BUEsh 0aRadioxInterference.2BUEsh 7aWireless communication systemsxReliability.2BUEsh937011 7aSignal processingxDigital techniques.2BUEsh923318 2BUEsh bENGGENcJune2015cAugust20151 tStefanovic, Mihajlo,eeditor.1 tAnastasov, Jelena,eeditor.1 tSpalevic, Petar,eeditor. 2ddck621.38224 PAN c19587d19559 00102ddc40708BaccahaMAINbMAINc1STd2015-06-11ePurchaseg680.00l0o621.38224 PANp000038413r2025-07-15 00:00:00v850.00yBB